Culture Générale - Série 2577 - Statistiques

Statistiques générales
  • Ce quiz a été pris 121 fois
  • Le résultat moyen est 4 sur 10
Statistiques - réponses
Question Réponse % Correct
Auprès d'une personne alitée, en la veillant, en la soignant, c'est être à son ... chevet
95%
Dans quel département se trouve la ville de Carcassonne ? Aude
63%
Surnommé vache de mer, ce gros herbivore aquatique mène une vie paisible dans les eaux chaudes du globe - voir photo lamantin
46%
Au Canada, quelle est la capitale de la province de l'Ontario ? Toronto
40%
Mesure de longueur anglo-saxonne valant 0,914 mètre yard
29%
Quel animal est appelé "sprat" ? poisson
27%
Porte-parole des avocats bâtonnier
25%
Équipement compliqué, encombrant ou ridicule(familier) - 8 lettres terminé par "l" attirail
15%
Débat entre plusieurs personnes sur des questions théoriques, scientifiques - mot de 8 lettres contenant la lettre "q" colloque
15%
(Vieux ou par plaisanterie) : bandit, assassin - mot composé coupe-jarret
5%
Aucun quiz correspondant
Distribution des résultats
% des personnes avec chaque résultat
Percentile par nombre de réponses
Votre historique - résultats
Vous n’avez pas pris ce quiz